Tottenham players (2010-2020) - Statistics

General Stats
  • This quiz has been taken 38 times
  • The average score is 53 of 95
Answer Stats
Rank Player Positions Nationality Matches Goals (assists) Period % Correct
3 Christian Eriksen CM 226 51 (65) 2013-2020
100%
4 Harry Kane ST 207 143 (22) 2012-2020
100%
8 Heung-min Son LW 160 53 (31) 2015-2020
100%
1 Hugo Lloris GK 260 0 (0) 2012-2020
100%
2 Jan Vertonghen CB 232 8 (4) 2012-2020
100%
7 Eric Dier CB 174 10 (8) 2014-2020
97%
5 Kyle Walker RB 181 4 (15) 2010-2017
97%
29 Luka Modrić CM 68 7 (5) 2010-2012
97%
12 Toby Alderweireld CB 149 7 (4) 2015-2020
97%
13 Ben Davies CB 128 3 (12) 2014-2020
93%
22 Davinson Sánchez CB 83 1 (1) 2017-2020
93%
9 Dele Alli AM 156 50 (34) 2015-2020
93%
19 Emmanuel Adebayor ST 92 35 (16) 2011-2015
93%
16 Gareth Bale RW 99 37 (19) 2010-2013
93%
6 Mousa Dembélé CM 181 7 (8) 2012-2019
93%
11 Erik Lamela RW 154 16 (25) 2013-2020
90%
28 Victor Wanyama DM 69 6 (1) 2016-2020
90%
18 Harry Winks DM 94 2 (2) 2016-2020
86%
26 Lucas Moura RW 73 14 (6) 2017-2020
86%
15 Moussa Sissoko CM 116 3 (8) 2016-2020
86%
30 Rafael van der Vaart AM 63 24 (16) 2010-2013
86%
33 Serge Aurier RB 58 3 (9) 2017-2020
86%
10 Danny Rose LB 155 7 (16) 2010-2012, 2013-2020
83%
50 Giovani Lo Celso AM 28 0 (2) 2019-2020
83%
17 Jermain Defoe ST 95 27 (6) 2010-2014
83%
14 Aaron Lennon RW 127 11 (21) 2010-2015
79%
37 Brad Friedel GK 50 0 (0) 2011-2014
79%
32 Gylfi Sigurdsson AM 58 8 (4) 2012-2014
79%
27 Kieran Trippier RB 69 2 (14) 2015-2019
79%
35 Roberto Soldado ST 52 7 (6) 2013-2015
76%
49 Clint Dempsey CF 29 7 (4) 2012-2013
72%
21 Nacer Chadli LW 88 15 (10) 2013-2016
72%
48 Heurelho Gomes GK 30 0 (0) 2010-2011
69%
40 Paulinho CM 45 6 (3) 2013-2015
69%
24 Benoît Assou-Ekotto LB 79 3 (4) 2010-2013
66%
42 Fernando Llorente ST 36 2 (4) 2017-2019
66%
71 Michel Vorm GK 13 0 (0) 2014-2019
66%
39 Nabil Bentaleb DM 46 0 (3) 2013-2016
66%
57 Paulo Gazzaniga GK 22 0 (0) 2017-2020
66%
69 Steven Bergwijn LW 14 3 (1) 2019-2020
66%
59 Tanguy Ndombélé CM 21 2 (2) 2019-2020
66%
81 Robbie Keane ST 7 0 (0) 2010-2011
62%
66 Juan Foyth RB 16 1 (0) 2018-2020
59%
68 Oliver Skipp DM 15 0 (0) 2018-2020
59%
45 Peter Crouch ST 35 4 (9) 2010-2012
59%
67 Kevin Wimmer CB 15 0 (0) 2015-2017
55%
51 Ledley King CB 27 0 (0) 2010-2012
55%
20 Michael Dawson CB 90 2 (0) 2010-2014
55%
46 Roman Pavlyuchenko ST 34 11 (4) 2010-2012
55%
47 Vincent Janssen ST 31 2 (2) 2016-2019
55%
34 Ryan Mason CM 53 2 (4) 2014-2016
52%
23 Sandro CM 81 3 (2) 2010-2014
52%
64 Vedran Corluka CB 18 0 (1) 2010-2012
48%
75 Giovani dos Santos CF 10 0 (0) 2010-2012
45%
63 Steven Caulker CB 18 2 (1) 2012-2013
45%
77 Steven Pienaar LM 10 0 (1) 2010-2012
45%
89 Troy Parrott ST 2 0 (0) 2019-2020
45%
53 Vlad Chiricheș DM 27 1 (0) 2013-2015
45%
25 Younès Kaboul CB 79 3 (2) 2010-2015
45%
92 DeAndre Yedlin RB 1 0 (0) 2014-2015
41%
61 Federico Fazio CB 20 0 (0) 2014-2015
41%
73 Kyle Walker-Peters RB 12 0 (5) 2017-2020
41%
54 Lewis Holtby CM 25 1 (2) 2012-2015
41%
80 Gedson Fernandes CM 7 0 (0) 2019-2020
38%
74 Georges-Kevin N'Koudou LW 11 0 (1) 2016-2020
38%
55 Niko Kranjcar AM 25 3 (1) 2010-2012
38%
60 Wilson Palacios DM 21 0 (0) 2010-2011
38%
58 Alan Hutton RB 21 2 (1) 2010-2011
34%
78 Carlo Cudicini GK 8 0 (0) 2010-2011
34%
83 Japhet Tanganga CB 6 0 (0) 2019-2020
34%
62 Jermaine Jenas CM 20 0 (1) 2010-2011, 2012-2013
34%
31 William Gallas CB 61 1 (0) 2010-2013
34%
72 Benjamin Stambouli DM 12 0 (0) 2014-2015
31%
38 Scott Parker CM 50 0 (3) 2011-2013
31%
43 Tom Huddlestone DM 36 2 (6) 2010-2013
31%
90 Adam Smith RB 1 0 (0) 2011-2012
28%
36 Andros Townsend RW 50 3 (2) 2012-2016
28%
79 Clinton N'Jie RW 8 0 (1) 2015-2016
28%
65 Sébastien Bassong CB 17 1 (0) 2010-2012
28%
84 Ryan Sessegnon LB 6 0 (0) 2019-2020
24%
52 Tom Carroll CM 27 1 (1) 2012-2013, 2015-2017
24%
87 David Bentley RM 2 0 (0) 2010-2011
21%
56 Étienne Capoue DM 24 1 (0) 2013-2015
17%
41 Kyle Naughton RB 41 0 (1) 2012-2015
17%
44 Jake Livermore DM 35 0 (1) 2011-2013
14%
76 Louis Saha ST 10 3 (1) 2011-2012
14%
88 Milos Veljkovic CB 2 0 (0) 2013-2014
14%
93 Filip Lesniak DM 1 0 (1) 2016-2017
10%
94 Iago Falque RW 1 0 (0) 2012-2013
10%
70 Josh Onomah CM 13 0 (0) 2015-2017
10%
85 Ryan Nelsen CB 5 0 (0) 2011-2012
10%
86 Alex Pritchard AM 2 0 (0) 2013-2014, 2015-2016
7%
91 Cameron Lancaster ST 1 0 (0) 2011-2012
7%
95 Luke Amos CM 1 0 (0) 2018-2019
7%
82 Zeki Fryers LB 7 0 (0) 2013-2014
7%
No matching quizzes found
Score Distribution
Percent of People with Each Score
Percentile by Number Answered
Your Score History
You have not taken this quiz